Las máscaras del héroe

Sparad:
Bibliografiska uppgifter
Huvudupphovsman: Prada, Juan Manuel de (Författare, medförfattare)
Materialtyp: Bok
Språk:spanska
Publicerad: Madrid Valdemar 1997
Serie:<El >Club Diógenes, Serie Autores Españoles, 53
Ämnen:
Taggar: Lägg till en tagg
Inga taggar, Lägg till första taggen!

MARC

LEADER 00000nam a2200000 a 4500
001 UCP1494
003 CL-VaPUC
008 990416e19970000SP |||||||||||||||||spa|d
082 0 4 |a 863  |b PRA  |2 21 
100 0 |a Prada, Juan Manuel de  |e author  |9 427559 
245 1 4 |a Las máscaras del héroe 
300 |a 598 p 
942 |c BK 
945 |d 19990416 00:00:00  |a rbrito 
260 |a Madrid  |b Valdemar  |c 1997 
650 0 |a Novelas españolas  |9 265052 
583 |a last modification  |c 19990416 00:00:00  |k Rodrigo Vera 
490 0 |a <El >Club Diógenes, Serie Autores Españoles, 53 
999 |c 280166  |d 280164 
952 |0 0  |1 0  |4 0  |6 863_000000000000000_PRA_1997  |7 0  |8 A  |9 320346  |a FDOPOS  |b FDOPOS  |d 2019-11-20  |i 3516911  |o 863 PRA 1997  |p 3516911  |r 2025-01-22  |w 2019-11-20  |y BK  |k MLH 
952 |0 0  |1 0  |4 0  |6 863_000000000000000_PRA_1997  |7 0  |8 A  |9 320347  |a BIBEDU  |b BIBEDU  |d 2019-11-20  |i 3603652  |o 863 PRA 1997  |p 3603652  |r 2019-11-20  |w 2019-11-20  |y BK  |k LIT